00528cam a2200169 i 4500020001700000040000800017082002800025245005400053260005000107300006100157490005600218650001000274650001900284650001600303700002000319700001900339 a2706807563 : cDLC00a632 G-P.M 1979 A039 Or.03aLe Désherbage des cultures sous les tropiques / aParis :bG.-P. Maisonneuve et Larose,cc1979. a312, [14] leaves of plates :bill. (some col.) ;c24 cm.0 aTechniques agricoles et productions tropicales ; 28 0aWeeds 0aTropical crops 0aHerbicides.1 aDeuse, Jacques.1 aLavabre, E. M.